000 01119cam a2200325 i 4500
001 18193140
003 EG-ScBUE
005 20241021100910.0
008 140619t2014 riua f b 001 0 eng d
020 _a9781470414955 (alk. paper)
040 _aDLC
_beng
_erda
_cDLC
_dDLC
_dEG-ScBUE
082 0 4 _a515.64
_bKOT
_222
100 1 _aKot, Mark,
_d1956-
_eauthor.
245 1 2 _aA first course in the calculus of variations /
_cMark Kot.
246 3 0 _aCalculus of variations
264 1 _aProvidence, Rhode Island :
_bAmerican Mathematical Society,
_c[2014]
264 4 _cc2014
300 _ax, 298 pages :
_billustrations ;
_c22 cm.
336 _2rdacontent
_atext
_btxt
337 _aunmediated
_2rdamedia
_bn
338 _avolume
_bnc
_2rdacarrier
490 0 _aStudent mathematical library ;
_vرخمعةث 72
504 _aIncludes bibliographical references and index.
650 7 _aCalculus of variations
_vTextbooks.
_2BUEsh
650 7 _aCalculus of variations
_xStudy and teaching (Higher)
_2BUEsh
651 _2BUEsh
653 _bENGGEN
_cFebruary2017
655 _vReading book
_934232
942 _2ddc
_cBB
999 _c24128
_d24100